000 00507nam a2200193Ia 4500
003 OSt
005 20231202121525.0
008 210210b1989 xxu||||| |||| 00| 0 eng d
040 _cAL
041 _aEnglish
082 _a320.01 RAYP
100 _aRAY (Amal) & BHATTACHARYA (Mohit).
_9144074
245 _aPolitical theory: ideas & institutions.
260 _aCalcutta
_bThe World Press Pvt Ltd.
_c1989
300 _axiv,622
690 _aPolitical Theory
_9144075
906 _a043229
942 _2ddc
_cBK
999 _c92755
_d92755